LEADER 01183nam a2200289 i 4500 001 000000149984 003 CaOOAMICUS 005 20060530000000.0 008 060530s2004 it u000 u cat u 013 $a127316 020 $a84-8437-488-2 040 $aSeMil$bita 100 1 $aPuig i Tàrrech, Armand,$d<1953- >.$0(OLS)http://semarc/name/12877 245 10$aJesús :$bun perfil biogràfic /$cArmand Puig i Tàrrech. 260 $a(Barcelona) :$bProa,$ccopyr. 2004. 300 $a671 p. , [8] p. di tav. ;$c24 cm. 490 0 $aPerfils ;$v50 500 $aContiene : Bibliografia. - In prel. : Dedica aut. dell'Autore. - Dono del Card. Dionigi Tettamanzi. 600 04$aGesù Cristo.$0(OLS)http://semarc/subject/712 830 0$aPerfils ;$v50.$0(OLS)http://semarc/title/20926 850 $aSeMil 852 $aSeMil$W1$xVenegono$y1$m2W IV 65$j102162$B102162$CSeMilBibl$Z2$F111680 $81 941 1 $a5 961 $aOmaggio: Tettamanzi Card. Dionigi 996 $6020$a84-8437-488-2$9(OLS)http://semarc/number/139280 996 $6245$aJesús :$bun perfil biogràfic$9(OLS)http://semarc/title/219283 996 $6260$a(Barcelona) :$bProa$9(OLS)http://semarc/publisher/34253 LEADER 00835nam a2200229 i 4500 001 000000215608 003 CaOOAMICUS 005 20151215000000.0 008 151215s1966 it u000 u ita u 013 $a194483 040 $aSeMil$bita 100 1 $aJerome, Jerome Klapka,$d<1859-1927>.$0(OLS)http://semarc/name/39875 245 10$aAppunti di romanzo /$cJerome K. Jerome. 260 $aMilano :$bBietti,$cstampa 1966. 300 $a185 p. ;$c18 cm. 490 0 $aIl Picchio ;$v50 830 3$aIl Picchio ;$v50.$0(OLS)http://semarc/title/24848 850 $aSeMil 852 $aSeMil$W1$xVenegono$y1$m1V I 240$j166028$B166028$CSeMilBibl$Z2$F209143 $81 961 $aLascito: Milani don Felice 996 $6245$aAppunti di romanzo$9(OLS)http://semarc/title/310339 996 $6260$aMilano :$bBietti$9(OLS)http://semarc/publisher/31762